000 00489nam a2200181Ia 4500
001 7432
005 20260306160455.0
008 260306t2009||||xx |||||||||||||| ||spa||
041 _aESP
082 _a338.985
_bP87
100 _aBobadilla, Francisco (ed.)
_eAUT
245 0 _aProgreso económico y desarrollo humano:
_b40 años después de la Populorum Progressio
260 _c2009
300 _a180 páginas :
_c20 cm.
650 _aGEN
654 _aCAN
942 _cLIB
_dJUS
_fJUS
_2ddc
_n
999 _c7432
_d7432